[Event "AUTO-MASTER-93"]
[Site "http://www.queenalice.com/game.php?id=88595"]
[Date "2006.7.22"]
[Round "2"]
[White "aeapmestre"]
[Black "Stu"]
[Result "1-0"]
[WhiteElo "2121"]
[BlackElo "1778"]

1. e3 Nf6 2. b3 d6 3. Bb2 Nbd7 4. f4 e5 5. Nf3 exf4 6. exf4 Be7 7. Nc3 O-O 8.
Bc4 c6 9. O-O b5 10. Bd3 Ng4 11. Qe2 Re8 12. Rae1 d5 13. Kh1 Ndf6 14. g3 Ba3 15.
Bxa3 Rxe2 16. Rxe2 Qb6 17. Bb2 Nh6 18. Kg2 Nf5 19. Rfe1 Nd6 20. Nd1 Bb7 21. Nf2
c5 22. Bxf6 gxf6 23. c3 Bc6 24. Ng4 Kg7 25. Re7 c4 26. Bc2 d4 27. cxd4 Qxd4 28.
Be4 Bxe4 29. R1xe4 Qb2 30. Re2 Re8 31. Rxe8 Nxe8 32. Rxe8 c3 33. Ne3 h6 34. Nd1
Qxd2+ 35. Nxd2 c2 36. Ne3 c1=Q 37. Nf3 Qb2+ 38. Kh3 Qxa2 39. Nd4 Qd2 40. Ndf5+
Kh7 41. Ng4 Qd1 42. Nxf6+ Kg6 43. Nd5 Qf1+ 44. Kh4 Qg2 45. Rg8+ Kh7 46. Nf6# 1-0

[Event "AUTO-MASTER-93"]
[Site "http://www.queenalice.com/game.php?id=88596"]
[Date "2006.7.22"]
[Round "2"]
[White "Stu"]
[Black "don1kiko"]
[Result "1-0"]
[WhiteElo "1741"]
[BlackElo "1830"]

1. e4 c5 2. d4 cxd4 3. c3 dxc3 4. Nxc3 e5 5. Nf3 Nc6 6. Bc4 h6 7. Qb3 Nf6 8.
Bxf7+ Ke7 9. Bg6 d5 10. Nxd5+ Nxd5 11. exd5 Nd4 12. Nxd4 exd4 13. O-O Kf6 14.
Be4 Bd6 15. Re1 Re8 16. Qf3+ 1-0

[Event "AUTO-MASTER-93"]
[Site "http://www.queenalice.com/game.php?id=88597"]
[Date "2006.7.22"]
[Round "2"]
[White "don1kiko"]
[Black "Stu"]
[Result "0-1"]
[WhiteElo "1762"]
[BlackElo "1762"]

1. c4 Nf6 2. d4 e6 3. Bg5 b6 4. a3 Bb7 5. Nc3 d5 6. cxd5 exd5 7. Nf3 Be7 8. e3
Nbd7 9. h3 O-O 10. Bd3 Re8 11. O-O c5 12. dxc5 Nxc5 13. Bb5 Rf8 14. b4 Nce4 15.
Nxe4 Nxe4 16. Bxe7 Qxe7 17. Rc1 Qf6 18. Rc7 Rab8 19. Qd3 Qd6 20. Rd7 Qg6 21. Kh2
Rfc8 22. Ne5 Qe6 23. Nxf7 a6 24. Rxb7 Rxb7 25. Bxa6 Rxf7 26. Bxc8 Qxc8 27. Qxd5
Qc7+ 28. f4 Nf6 29. Qb3 Ne4 30. Rd1 Kf8 31. h4 Rxf4 32. exf4 Qxf4+ 33. g3 Qf2+
34. Kh3 Qe2 35. Rd8+ Ke7 36. Qg8 Qf1+ 37. Kg4 h5+ 38. Kxh5 Qf5# 0-1

[Event "Let's Play Chess!"]
[Site "http://www.queenalice.com/game.php?id=128386"]
[Date "2006.11.11"]
[Round "-"]
[White "MrMacArsindale"]
[Black "Stu"]
[Result "0-1"]
[WhiteElo "1104"]
[BlackElo "1838"]

1. e4 d5 2. e5 Bf5 3. d4 e6 4. Nf3 c5 5. Bf4 Nc6 6. Qe2 cxd4 7. Qb5 Bb4+ 8. Nbd2
Ne7 9. Qxb7 Rb8 10. Qa6 O-O 11. Bg5 Bxc2 12. Bxe7 Nxe7 13. Rc1 Rb6 14. Qe2 d3
15. Qe3 Nf5 0-1

[Event "AUTO-ADV-315"]
[Site "http://www.queenalice.com/game.php?id=133648"]
[Date "2006.11.25"]
[Round "1"]
[White "Brandt"]
[Black "Stu"]
[Result "0-1"]
[WhiteElo "1806"]
[BlackElo "1840"]

1. d4 Nf6 2. c4 e6 3. Nc3 Bb4 4. Bg5 h6 5. Bd2 O-O 6. Nf3 d5 7. c5 Nc6 8. g3
Bxc3 9. bxc3 Ne4 10. Bg2 b6 11. cxb6 axb6 12. O-O Ba6 13. Re1 Qf6 14. Bf1 Bc4
15. a3 Na5 16. e3 Nb3 17. Bxc4 dxc4 18. Ra2 Nbxd2 19. Nxd2 Qxf2+ 20. Kh1 Nxc3
0-1

[Event "AUTO-ADV-315"]
[Site "http://www.queenalice.com/game.php?id=133649"]
[Date "2006.11.25"]
[Round "1"]
[White "Stu"]
[Black "Brandt"]
[Result "1-0"]
[WhiteElo "1822"]
[BlackElo "1822"]

1. e4 c5 2. c3 d6 3. g3 Nf6 4. Bg2 Nc6 5. Ne2 Ne5 6. d4 cxd4 7. cxd4 Ned7 8.
Nbc3 g6 9. O-O Bg7 10. e5 dxe5 11. dxe5 Nxe5 12. Qxd8+ Kxd8 13. Bf4 Nc4 14.
Rad1+ Ke8 15. b3 Nb6 16. Nb5 Kf8 17. Rd8+ Ne8 18. Nc7 1-0

[Event "AUTO-ADV-315"]
[Site "http://www.queenalice.com/game.php?id=133662"]
[Date "2006.11.25"]
[Round "1"]
[White "Stu"]
[Black "KobeB"]
[Result "1-0"]
[WhiteElo "1846"]
[BlackElo "1734"]

1. e4 e5 2. Nf3 Nc6 3. Bb5 a6 4. Ba4 b5 5. Bb3 Bb7 6. O-O Qf6 7. d3 Nh6 8. Bg5
Qd6 9. c4 bxc4 10. Bxc4 Nb4 11. a3 Nc6 12. Qb3 Na5 13. Qc2 Nxc4 14. dxc4 f6 15.
Be3 Ng4 16. Bd2 Qb6 17. b4 c5 18. h3 Nh6 19. Be3 g6 20. Nc3 f5 21. bxc5 Qc7 22.
Nd5 Bxd5 23. cxd5 fxe4 24. d6 Bxd6 25. Qxe4 1-0

[Event "AUTO-ADV-315"]
[Site "http://www.queenalice.com/game.php?id=133663"]
[Date "2006.11.25"]
[Round "1"]
[White "KobeB"]
[Black "Stu"]
[Result "0-1"]
[WhiteElo "1786"]
[BlackElo "1858"]

1. e4 d5 2. exd5 Qxd5 3. Nc3 Qd6 4. Nf3 Nf6 5. Qe2 a6 6. d3 b5 7. Bg5 Nbd7 8.
O-O-O h6 9. Bh4 Qf4+ 10. Rd2 Qb4 11. Bxf6 Nxf6 12. g3 e6 13. Bg2 Bb7 14. Rg1 Nd5
15. Nxd5 Bxd5 16. Ne5 Bxg2 17. Rxg2 Bd6 18. Qf3 O-O 19. Re2 Qa4 20. Kb1 b4 21.
Re4 Qb5 22. Nc4 Be7 23. Rg4 a5 24. Qf4 Bg5 25. Qd4 f5 26. Rxg5 hxg5 27. Qe3 Qd5
28. Rg1 g4 29. Re1 Rf6 30. Ne5 a4 31. f3 gxf3 32. Nxf3 b3 33. cxb3 axb3 34. a3
Rd8 35. d4 Qe4+ 36. Qxe4 fxe4 37. Ng5 Rxd4 0-1

[Event "AUTO-ADV-315"]
[Site "http://www.queenalice.com/game.php?id=133664"]
[Date "2006.11.25"]
[Round "1"]
[White "Stu"]
[Black "Chamnix"]
[Result "0-1"]
[WhiteElo "1855"]
[BlackElo "2018"]

1. e4 c5 2. Nf3 d6 3. d4 cxd4 4. Nxd4 Nf6 5. Nc3 a6 6. Bg5 e6 7. f4 Be7 8. Qd3
Bd7 9. O-O-O Nc6 10. Nb3 O-O 11. e5 Nb4 12. Qd4 dxe5 13. fxe5 Nfd5 14. Bxe7 Qxe7
15. Nc5 Bc6 16. Nxd5 Nxd5 17. Kb1 Rfd8 18. Be2 Nf4 19. Qxf4 Qxc5 20. Rd3 Rxd3
21. cxd3 Rd8 22. Rc1 Qd5 23. g3 Qg2 24. Qh4 Rd5 25. Bd1 g6 26. Qf6 Rxd3 27. Bb3
Rd2 28. Bxe6 fxe6 29. Qxe6+ Kf8 30. Qf6+ Ke8 31. Qh8+ Kd7 32. Qxh7+ Kc8 33. Qg8+
Kc7 34. Qf7+ Kb8 35. Qf8+ Ka7 36. Qc5+ b6 37. Qb4 Qe4+ 38. Qxe4 Bxe4+ 39. Ka1
Rxh2 40. Re1 Bd5 41. b3 Be6 42. Re3 Kb7 43. Rf3 Rg2 44. Rf6 Bf5 45. e6 Re2 46.
Rf7+ Kc6 47. e7 Kd7 0-1

[Event "AUTO-ADV-315"]
[Site "http://www.queenalice.com/game.php?id=133665"]
[Date "2006.11.25"]
[Round "1"]
[White "Chamnix"]
[Black "Stu"]
[Result "0-1"]
[WhiteElo "1962"]
[BlackElo "1800"]

1. e4 c5 2. Nf3 d6 3. d4 cxd4 4. Nxd4 Nf6 5. Nc3 g6 6. Bc4 Bg7 7. f3 O-O 8. Be3
Nc6 9. Qd2 Bd7 10. O-O-O Qa5 11. Kb1 Rfc8 12. Bb3 Rab8 13. h4 h5 14. Nd5 Nxd5
15. Bxd5 Qxd2 16. Rxd2 Ne5 17. Rhd1 Nc4 18. Bxc4 Rxc4 19. Nb3 Be6 20. Bxa7 Ra8
21. Bd4 Bh6 22. Rd3 Rac8 23. Rc3 b5 24. Nd2 Rxd4 0-1

[Event "Let's Play Chess!"]
[Site "http://www.queenalice.com/game.php?id=167185"]
[Date "2007.2.11"]
[Round "-"]
[White "Stu"]
[Black "ChrisDavison102"]
[Result "1-0"]
[WhiteElo "1871"]
[BlackElo "1942"]

1. e4 c6 2. Nf3 d5 3. exd5 cxd5 4. d4 Nc6 5. c4 Nf6 6. Nc3 Bg4 7. cxd5 Nxd5 8.
Nxd5 Qxd5 9. Be2 e6 10. O-O O-O-O 11. Be3 Bd6 12. Rc1 Qh5 13. g3 Kb8 14. Re1 e5
15. Rxc6 bxc6 16. Qb3+ Kc7 17. dxe5 Be7 18. Bxa7 Rb8 19. Bxb8+ Rxb8 20. Qe3 c5
21. b3 Rb6 22. a4 Rh6 23. a5 f6 24. exf6 Bxf6 25. Qf4+ Kb7 26. a6+ Kb6 27. Qb8+
Kc6 28. Bb5+ Kd5 29. Qb7+ Kd6 30. Qc6# 1-0

[Event "AUTO-ADV-315"]
[Site "http://www.queenalice.com/game.php?id=175726"]
[Date "2007.3.1"]
[Round "2"]
[White "dladetto"]
[Black "Stu"]
[Result "1/2-1/2"]
[WhiteElo "1871"]
[BlackElo "1888"]

1. d4 Nf6 2. c4 e6 3. Nc3 Bb4 4. Qc2 d5 5. Bg5 dxc4 6. e3 b6 7. Bxc4 Bb7 8. Nf3
Nbd7 9. O-O-O Bxc3 10. Qxc3 Ne4 11. Bxd8 Nxc3 12. bxc3 Rxd8 13. Be2 O-O 14. Rhg1
c5 15. a4 Bc6 16. Bb5 Bxb5 17. axb5 cxd4 18. Nxd4 Nf6 19. f3 Nd5 20. Rd3 Nc7 21.
Rgd1 Rd5 22. c4 Rc5 23. Rc3 Nd5 24. Ra3 Rxc4+ 25. Kd2 Rb4 26. Rc1 e5 27. Nc6
Rxb5 28. Rxa7 Rb2+ 29. Rc2 Rxc2+ 30. Kxc2 Nxe3+ 31. Kd3 Nxg2 32. Nxe5 Nf4+ 33.
Ke4 Ne6 34. Nd7 Nc5+ 35. Nxc5 bxc5 36. Rc7 f5+ 37. Kf4 g6 38. Rxc5 Kg7 39. Kg5
h6+ 40. Kh4 Re8 41. Rc6 Re2 42. Kg3 g5 43. h3 f4+ 44. Kg4 Rg2+ 45. Kh5 Rg3 46.
Rg6+ Kf7 47. Rxh6 Rxh3+ 48. Kxg5 Rxf3 49. Rf6+ 1/2-1/2

[Event "AUTO-ADV-315"]
[Site "http://www.queenalice.com/game.php?id=175727"]
[Date "2007.3.1"]
[Round "2"]
[White "Stu"]
[Black "dladetto"]
[Result "0-1"]
[WhiteElo "1899"]
[BlackElo "1890"]

1. e4 e5 2. Nf3 Nf6 3. Nxe5 d6 4. Nf3 Nxe4 5. Nc3 Nxc3 6. dxc3 Bg4 7. Be3 Be7 8.
h3 Bh5 9. Qd5 Bxf3 10. Qxf3 c6 11. Bd3 Nd7 12. O-O-O O-O 13. g4 Ne5 14. Qg2 Qa5
15. Kb1 d5 16. Be2 Rfe8 17. h4 b5 18. g5 b4 19. Bd4 Bd6 20. f4 Ng6 21. Bd3 Nxf4
22. Qf3 Nxd3 23. Qxd3 c5 24. cxb4 cxb4 25. h5 Be5 26. Bxe5 Rxe5 27. g6 fxg6 28.
hxg6 h6 29. Qg3 Rae8 30. Qf2 Qc7 31. Rde1 a5 32. Rxe5 Rxe5 33. Rf1 Qe7 34. b3
Re6 35. Qg3 Re3 36. Qb8+ Qe8 37. Qxe8+ Rxe8 38. Rf5 Rd8 39. Kc1 Rd6 40. Kd2 Rxg6
41. Rxd5 Ra6 42. c4 g5 43. Ke3 Kf7 44. Kf3 Kg6 45. Rb5 Rf6+ 46. Kg3 Ra6 47. c5
Kh5 48. Rb6 Ra7 49. Rb5 Kg6 50. c6 Rc7 0-1

[Event "AUTO-ADV-315"]
[Site "http://www.queenalice.com/game.php?id=175728"]
[Date "2007.3.1"]
[Round "2"]
[White "rodrigoma"]
[Black "Stu"]
[Result "1/2-1/2"]
[WhiteElo "1828"]
[BlackElo "1887"]

1. e4 c5 2. Nf3 Nc6 3. d4 cxd4 4. Nxd4 g6 5. Be3 Bg7 6. Nc3 Nf6 7. Bc4 O-O 8.
O-O d6 9. h3 Na5 10. Bb3 Nxb3 11. axb3 a6 12. Qd2 Re8 13. Bh6 Bh8 14. Nf3 b5 15.
e5 dxe5 16. Qxd8 Rxd8 17. Nxb5 Bxh3 18. gxh3 axb5 19. Nxe5 Rac8 20. c3 Nd5 21.
Ng4 Nxc3 22. bxc3 Rxc3 23. Rad1 Re8 24. Be3 Rxb3 25. Rb1 Rxb1 26. Rxb1 Rb8 27.
Bc5 f5 28. Ne3 e6 29. Kg2 Be5 30. Rb3 Kf7 31. Nc2 g5 32. Na3 b4 33. Rxb4 Rxb4
34. Bxb4 Bd4 35. Nc2 Bb6 36. Ne1 Kg6 37. Bc3 f4 38. f3 h5 39. Be5 Kf5 40. Nd3
Be3 41. Bc3 Bb6 42. Ne5 Be3 43. Bb2 1/2-1/2

[Event "AUTO-ADV-315"]
[Site "http://www.queenalice.com/game.php?id=175729"]
[Date "2007.3.1"]
[Round "2"]
[White "Stu"]
[Black "rodrigoma"]
[Result "1-0"]
[WhiteElo "1885"]
[BlackElo "1830"]

1. e4 e5 2. Nf3 Nc6 3. Bb5 a6 4. Ba4 Nf6 5. O-O Be7 6. Re1 b5 7. Bb3 O-O 8. h3
d6 9. c3 a5 10. d4 a4 11. Bc2 Na5 12. dxe5 dxe5 13. Nxe5 Qxd1 14. Bxd1 Bb7 15.
Nd2 Bd6 16. Nd3 Nd7 17. b4 axb3 18. Nxb3 c5 19. e5 Rfe8 20. exd6 Rxe1+ 21. Nxe1
Bd5 22. Nd2 Nb7 23. Bb2 Nxd6 24. a4 bxa4 25. Rxa4 Rxa4 26. Bxa4 Nb6 27. Bd1 Nf5
28. Ba3 c4 29. Bc5 Nd7 30. Ba7 Nd6 31. Ba4 Nf6 32. f3 h6 33. Bb8 Nf5 34. Bb5 g5
35. Nxc4 Bxc4 36. Bxc4 Ne3 37. Ba2 h5 38. c4 Nd7 39. Bd6 Nf5 40. Ba3 Nb8 41. Nd3
Nc6 42. Nc5 Nfd4 43. Nd7 Kg7 44. Bb2 f6 45. c5 Kg6 46. Bd5 h4 47. Nxf6 Ne2+ 48.
Kf2 Ned4 49. Be4+ Kh6 50. Ke3 Kg7 51. Ng4 1-0

[Event "Challenge"]
[Site "http://www.queenalice.com/game.php?id=179582"]
[Date "2007.3.10"]
[Round "-"]
[White "Stu"]
[Black "Nelson"]
[Result "0-1"]
[WhiteElo "1890"]
[BlackElo "2233"]

1. d4 d5 2. c4 e6 3. Nf3 Nf6 4. g3 dxc4 5. Bg2 c5 6. Qa4+ Nbd7 7. O-O a6 8. Qxc4
b5 9. Qc2 Bb7 10. dxc5 Bxc5 11. Nbd2 Rc8 12. Qb1 Qb6 13. b4 Bxf2+ 14. Rxf2 Ng4
0-1

[Event "Let's Play Chess!"]
[Site "http://www.queenalice.com/game.php?id=264901"]
[Date "2007.9.1"]
[Round "-"]
[White "Stu"]
[Black "mateus_amorim"]
[Result "1-0"]
[WhiteElo "1883"]
[BlackElo "1689"]

1. e4 e5 2. Nf3 d6 3. d4 exd4 4. Nxd4 Nf6 5. Nc3 Be7 6. g3 O-O 7. Bg2 c6 8. O-O
Nbd7 9. Nf5 Ne5 10. Nxe7+ Qxe7 11. a3 Ng6 12. Re1 Re8 13. Bd2 Qc7 14. Bg5 Qe7
15. b4 h6 16. Bd2 Qd8 17. b5 Be6 18. bxc6 bxc6 19. e5 Nd5 20. exd6 Qxd6 21. Ne4
Qc7 22. Nc5 Bf5 23. Nd3 Rxe1+ 24. Nxe1 Rd8 25. Qf3 Nde7 26. Bc3 Rc8 27. Bb2 Nd5
28. Qxf5 1-0

[Event "Let's Play Chess!"]
[Site "http://www.queenalice.com/game.php?id=276492"]
[Date "2007.9.24"]
[Round "-"]
[White "rom_banane"]
[Black "Stu"]
[Result "0-1"]
[WhiteElo "1875"]
[BlackElo "1891"]

1. c4 Nf6 2. d4 e6 3. Nc3 Bb4 4. e3 b6 5. Ne2 Ne4 6. Qb3 c5 7. a3 Ba5 8. Qc2 Bb7
9. Bd2 Nxd2 10. Qxd2 O-O 11. Rb1 Bxc3 12. Nxc3 d6 13. d5 exd5 14. cxd5 Nd7 15.
Bc4 Ne5 16. Ba2 Qg5 17. f4 Qh4+ 18. Kf1 Ba6+ 19. Kg1 Ng4 20. g3 Qe7 21. Re1 Rae8
22. Nd1 Nf6 23. Kf2 Ne4+ 0-1

[Event "Let's Play Slow Chess!"]
[Site "http://www.queenalice.com/game.php?id=367575"]
[Date "2008.3.8"]
[Round "-"]
[White "Stu"]
[Black "chesplayer"]
[Result "1-0"]
[WhiteElo "1906"]
[BlackElo "1716"]

1. e4 d5 2. exd5 Qxd5 3. Nc3 Qe5+ 4. Be2 Bf5 5. Nf3 Qf6 6. O-O Nc6 7. d3 O-O-O
8. Be3 e5 9. Bg5 Qg6 10. Bxd8 Nxd8 11. Nh4 Qf6 12. Nxf5 Nh6 13. Ne3 Bb4 14. Ncd5
Qd6 15. Nxb4 Qxb4 16. Rb1 Ne6 17. c3 Qb6 18. Nc4 Qc5 19. b4 Qb5 20. a4 Qd5 21.
Bf3 e4 22. Bxe4 Qg5 23. Na5 b6 24. Nc6 f5 25. Bf3 Nf4 26. Nxa7+ Kb8 27. Nc6+ Kc8
28. Re1 Nh3+ 29. Kf1 Nf4 30. Re5 Ng4 31. Bxg4 Qxg4 32. Qxg4 fxg4 33. Re3 Nd5 34.
Ne7+ Nxe7 35. Rxe7 g6 36. Rbe1 h5 37. Re8+ Rxe8 38. Rxe8+ Kd7 39. a5 bxa5 40.
bxa5 Kc6 41. Re6+ 1-0

[Event "Let's Play Chess!"]
[Site "http://www.queenalice.com/game.php?id=430718"]
[Date "2008.7.10"]
[Round "-"]
[White "Stu"]
[Black "ciceroeduardo"]
[Result "1-0"]
[WhiteElo "1914"]
[BlackElo "1510"]

1. e4 e5 2. Nf3 Nc6 3. Bb5 a6 4. Ba4 b5 5. Bb3 Nf6 6. O-O d5 7. exd5 Nxd5 8. Re1
Qd6 9. d4 Bg4 10. dxe5 Nxe5 11. Qxd5 Bxf3 12. Qxf3 f6 13. Qxa8+ Ke7 14. f4 Qd4+
15. Kf1 g5 16. fxe5 fxe5 17. Bxg5+ Kd6 18. Nc3 Be7 19. Qxh8 Bxg5 20. Rad1 Qxd1
21. Rxd1+ Kc6 22. Qxe5 Kb7 23. Qxg5 c6 24. Qc5 1-0

[Event "Let's Play Chess!"]
[Site "http://www.queenalice.com/game.php?id=579635"]
[Date "2009.4.29"]
[Round "-"]
[White "elche"]
[Black "Stu"]
[Result "0-1"]
[WhiteElo "1792"]
[BlackElo "1916"]

1. e4 d5 2. exd5 Qxd5 3. Nc3 Qd6 4. Bd3 Nf6 5. Nf3 a6 6. O-O Bg4 7. Ne4 Nxe4 8.
Bxe4 Nc6 9. Bxc6+ Qxc6 10. d3 O-O-O 11. Be3 g6 12. h3 Bxf3 13. Qxf3 Qxf3 14.
gxf3 Bg7 15. Rab1 Rd5 16. f4 e5 17. fxe5 Bxe5 18. f4 Bd6 19. Rbd1 Re8 20. Kf2
Rf5 21. Kg3 Rxe3+ 22. Kg4 h5+ 23. Kh4 Be7# 0-1

[Event "Let's Play Chess!"]
[Site "http://www.queenalice.com/game.php?id=634627"]
[Date "2009.8.11"]
[Round "-"]
[White "Stu"]
[Black "constantin"]
[Result "1-0"]
[WhiteElo "1912"]
[BlackElo "1813"]

1. e4 e5 2. Nf3 Nc6 3. Bb5 Nge7 4. O-O a6 5. Ba4 h6 6. c3 d6 7. d4 exd4 8. cxd4
b5 9. Bc2 Bg4 10. Be3 Nb4 11. Bb3 Nbc6 12. Nbd2 Ng6 13. Qc2 Qd7 14. Bd5 Nge7 15.
Bxc6 Qxc6 16. Qxc6+ Nxc6 17. Rfc1 Kd7 18. e5 Bxf3 19. Nxf3 Nd8 20. Rc2 Ne6 21.
exd6 Bxd6 22. g3 f6 23. d5 Nf8 24. Rac1 Ng6 25. Nd4 Ne5 26. Rc3 Nc4 27. Nf5 Rhg8
28. Nxd6 cxd6 29. b3 Ne5 30. Rc7+ Ke8 31. f4 Nd7 32. R1c6 Kd8 33. Rb7 Re8 34.
Bb6+ Nxb6 35. Rxd6+ Kc8 36. Rdxb6 Rd8 37. Rxg7 Rxd5 38. Rxf6 Rd1+ 39. Kf2 Rd2+
40. Ke3 Rd8 41. Rxh6 a5 42. Rhh7 Ra6 43. Rc7+ Kb8 44. Rb7+ Ka8 45. Rxb5 Re6+ 46.
Kf3 Rde8 47. Rxa5+ Kb8 48. Rb5+ Kc8 49. a4 Re3+ 50. Kg4 Rg8+ 51. Rg5 Rxg5+ 52.
fxg5 Rxb3 53. Rf7 Rb4+ 54. Rf4 Rb2 55. h4 Rd2 56. a5 Ra2 57. Rf5 Kd8 58. g6 Ra4+
59. Kg5 Ra3 60. g4 Re3 61. g7 1-0

[Event "Let's Play Chess!"]
[Site "http://www.queenalice.com/game.php?id=646343"]
[Date "2009.9.2"]
[Round "-"]
[White "Torfi"]
[Black "Stu"]
[Result "1-0"]
[WhiteElo "1954"]
[BlackElo "1927"]

1. e4 c5 2. Nf3 d6 3. Bb5+ Bd7 4. Qe2 Bxb5 5. Qxb5+ Qd7 6. Nc3 a6 7. Qxd7+ Nxd7
8. Nd5 Rc8 9. d3 e6 10. Ne3 Ngf6 11. O-O Be7 12. c4 O-O 13. b3 Nb6 14. e5 dxe5
15. Nxe5 Rfd8 16. Bb2 Nbd7 17. Rad1 Ne8 18. f4 Ndf6 19. f5 Nc7 20. a4 Bd6 21. d4
cxd4 22. Bxd4 Ne4 23. fxe6 Nxe6 24. Nxf7 Rd7 25. Nxd6 Rxd6 26. Nf5 1-0

[Event "Let's Play Chess!"]
[Site "http://www.queenalice.com/game.php?id=732614"]
[Date "2010.2.16"]
[Round "-"]
[White "Stu"]
[Black "copadeplata"]
[Result "0-1"]
[WhiteElo "1924"]
[BlackElo "2029"]

1. e4 c5 2. c3 Nf6 3. e5 Nd5 4. Nf3 Nc6 5. Bc4 Nb6 6. Bb3 d5 7. exd6 Qxd6 8. O-O
c4 9. Bc2 Bg4 10. Re1 O-O-O 11. b3 Ne5 12. Rxe5 Bxf3 13. Qe1 Bd5 14. Na3 f6 15.
Re2 e5 16. Nb5 Qd7 17. Na3 Qc6 18. bxc4 Bxg2 19. Be4 Bxe4 20. Rxe4 Bxa3 21. Bxa3
Nxc4 22. Bc1 f5 23. Re2 e4 0-1